Statistics for Countries with the most timezones

Click here to take the quiz!

General Stats

  • This quiz has been taken 47 times
  • The average score is 17 of 24

Answer Stats

HintAnswer% Correct
12France
100%
11Russia
100%
11United States of America
100%
4Brazil
95%
9United Kingdom
93%
6Canada
91%
4Mexico
88%
9Australia
86%
2Spain
86%
3Indonesia
74%
5Denmark
70%
2Kazakhstan
67%
2Mongolia
67%
5New Zealand
67%
2Portugal
67%
3Chile
63%
2South Africa
60%
2Democratic Republic of the Congo
56%
2Netherlands
53%
2Ukraine
49%
3Kiribati
47%
2F.S. Micronesia
42%
2Papua New Guinea
33%
2Ecuador
21%

Score Distribution

Percentile by Number Answered

Percent of People with Each Score

Your Score History

You have not taken this quiz